| 000 | 00539nam a2200169 a 4500 | ||
|---|---|---|---|
| 001 | 000007107 | ||
| 005 | 20200929154052.0 | ||
| 008 | 090904s1989 dr 001 0 spa d | ||
| 040 |
_aDO-SdBNP _bspa _cBNPHU |
||
| 082 |
_axxx _bR788e |
||
| 100 | 1 |
_aRosa, Jesús de la _919724 |
|
| 245 | 1 | 3 |
_aLa educación superior en la República Dominicana / _cJesús de la Rosa. |
| 260 |
_aSanto Domingo : _bUniversitaria - UASD, _c1989. |
||
| 300 |
_a94 p. ; _c21 cm. |
||
| 490 | 1 |
_aEducación y sociedad _v36 |
|
| 830 | 0 |
_aEducación y sociedad ; _v36 _917442 |
|
| 999 |
_c6888 _d6888 |
||